Kovanie krúžkov na kľukovom lise : Diplomová práca

Salvato in:
Dettagli Bibliografici
Autore principale: Sitta, Marián (Autore)
Altri autori: Ulík, Anton, 1945- (xxx)
Natura: Manoscritto Libro
Pubblicazione: Trnava : STU v Bratislave MtF KTTS, 1992
Soggetti:
Tags: Aggiungi Tag
Nessun Tag, puoi essere il primo ad aggiungerne!!

MARC

LEADER 00000ntm a22000003a 4500
001 stu145093
005 20160719155754.3
008 070910s1992----xo----------------------d
040 |a STU  |b slo 
041 0
044 |a xo 
100 1 |a Sitta, Marián  |4 aut 
245 1 |a Kovanie krúžkov na kľukovom lise :  |b Diplomová práca 
260 |a Trnava :  |b STU v Bratislave MtF KTTS,  |c 1992 
300 |a 57 s  |c príl 
650 7 |a strojárska technológia  |2 stusub 
700 1 |a Ulík, Anton,  |d 1945-  |4 xxx  |u M150  |U MTF Ústav výrobných technológií  |T MTF Katedra tvárnenia  |X 211  |U M150  |Y M150  |7 A000000211 
996 |b 284M065862  |c M*DP-3654  |l MMSKP  |s P  |a 0  |w stu145093_0001